000 00294nam a22001337a 4500
008 180316b xxu||||| |||| 00| 0 eng d
020 _a9780155064614
041 _aeng
080 _a541
100 _a12
101 _aKIM
245 _aExperiments in Chemistry
_cMilio, F.R
942 _2udc
_cBK
999 _c45240
_d45240